Analýza látek v plynném stavu /
Saved in:
| Main Authors: | , |
|---|---|
| Format: | Book |
| Language: | Czech |
| Published: |
Praha :
SNTL,
1991
|
| Tags: |
No Tags, Be the first to tag this record!
|
MARC
| LEADER | 00000nam a22000003a 4500 | ||
|---|---|---|---|
| 001 | stu18388 | ||
| 005 | 20150617225751.6 | ||
| 008 | 920318s1991----cs------------------cze-d | ||
| 020 | |a 80-03-00604-X | ||
| 040 | |a STU |b slo | ||
| 041 | 0 | |a cze | |
| 044 | |a cs | ||
| 080 | |a 543.27 | ||
| 100 | 1 | |a Feltl, Ladislav |4 aut | |
| 245 | 1 | |a Analýza látek v plynném stavu / |c [aut.]Smolková,Eva, Feltl,Ladislav | |
| 260 | |a Praha : |b SNTL, |c 1991 | ||
| 300 | |a 478 s | ||
| 700 | 1 | |a Smolková, Eva |4 aut | |
| 996 | |b C89018 |c C*89018 |l CCIX |s P |a 0 |w stu18388_0001 | ||